000 00268nam a22001217a 4500
008 190225b xxu||||| |||| 00| 0 eng d
041 _aeng
080 _a510
100 _a36
101 _aMAT
245 _aThe World Book of Math Power
_cNault, W.H
942 _2udc
_cBK
999 _c54211
_d54211